| 000 | 00373nam a22001337a 4500 | ||
|---|---|---|---|
| 008 | 230621b |||||||| |||| 00| 0 eng d | ||
| 040 |
_aNational Science Library _cNational Science Library |
||
| 080 | _a626.8 | ||
| 245 | _aSilver jubilee | ||
| 260 |
_bCentral Board of Irrigation and Power, _c1952 |
||
| 300 | _ax, 254p. | ||
| 650 | _aResearch station | ||
| 942 |
_2udc _cREF |
||
| 999 |
_c45783 _d45783 |
||